Fr. Conceicao Rodrigues College of Engineering

Metrology and quality control (Record no. 25569)

MARC details
000 -LEADER
fixed length control field 00341nam a2200157Ia 4500
082 ## - DEWEY DECIMAL CLASSIFICATION NUMBER
Classification number 620
Item number MAH
100 ## - MAIN ENTRY--PERSONAL NAME
Personal name Mahajan/M.S
245 ## - TITLE STATEMENT
Title Metrology and quality control
260 ## - PUBLICATION, DISTRIBUTION, ETC.
Name of publisher, distributor, etc. Dhanpat Rai & Sons
Date of publication, distribution, etc. 2015
366 ## - TRADE AVAILABILITY INFORMATION
Publishers's discount category 14
300 ## - PHYSICAL DESCRIPTION
Extent 368
546 ## - LANGUAGE NOTE
Language note ENGLISH
-- Info.Tech
650 ## - SUBJECT ADDED ENTRY--TOPICAL TERM
Topical term or geographic name entry element Metrology
654 ## - SUBJECT ADDED ENTRY--FACETED TOPICAL TERMS
Focus term metrology
942 ## - ADDED ENTRY ELEMENTS (KOHA)
Koha item type BOOK
Holdings
Withdrawn status Lost status Damaged status Not for loan Collection Home library Current library Date acquired Source of acquisition Cost, normal purchase price Inventory number Total Checkouts Total Renewals Full call number Barcode Date due Date last seen Date last checked out Cost, replacement price Price effective from Koha item type
        CRC Fr. Agnel's C.Rodrigues College of Engineering Fr. Agnel's C.Rodrigues College of Engineering 17/03/2023 Shroff Publishers 163.40 4303 2 1 620 MAH 24670 11/01/2026 13/10/2025 13/10/2025 190.00   BOOK
        CRC Fr. Agnel's C.Rodrigues College of Engineering Fr. Agnel's C.Rodrigues College of Engineering 17/03/2023 Shroff Publishers 163.40 4303     620 MAH 24671   17/03/2023   190.00   BOOK
        CRC Fr. Agnel's C.Rodrigues College of Engineering Fr. Agnel's C.Rodrigues College of Engineering 17/03/2023 Shroff Publishers 163.40 4303     620 MAH 24672   17/03/2023   190.00   BOOK
        CRC Fr. Agnel's C.Rodrigues College of Engineering Fr. Agnel's C.Rodrigues College of Engineering 17/03/2023 Shroff Publishers 163.40 4303     620 MAH 24673   17/03/2023   190.00   BOOK
        CRC Fr. Agnel's C.Rodrigues College of Engineering Fr. Agnel's C.Rodrigues College of Engineering 17/03/2023 Shroff Publishers 163.40 4303     620 MAH 24674   17/03/2023   190.00   BOOK